000 00650nam a2200193 a 4500
005 20141202085322.0
008 140123b2003 ck ||||| |||| 00| 0 spa d
040 _cCO-BoIH
041 _aspa
044 _ack
090 _aIAVH
_b00299
100 _aEcheverri L., Luis Fernando
_94810
110 _bInstituto de Investigación de Recursos Biológicos Alexander von Humboldt.Programa de Política y Legislación
_94261
245 _aBioprospección en productos naturales
260 _aMedellín
_bInstituto de Investigación de Recursos Biológicos Alexander von Humboldt
_c2003
300 _a110 p.
942 _cINFORME
_2z
945 _d2004-10-12
999 _c4185
_d4185